Kaakkois-Aasian valtiot tyhjällä kartalla - Statistics

Yleistilastot
  • Tätä visaa on pelattu 1 892 kertaa
  • Keskiarvotulos 10 / 11
Vastaukset kartalla
Vastauksille on annettu kartalla punavihreä väri sen mukaan, kuinka moni on saanut sen oikein.
 
Vastaustilastot
Valtio % Oikein
Indonesia
98%
Thaimaa
96%
Vietnam
96%
Laos
94%
Malesia
91%
Myanmar
89%
Singapore
88%
Filippiinit
87%
Kambodža
86%
Itä-Timor
82%
Brunei
78%
Ehtoja vastaavia visoja ei löytynyt
Tulosjakauma
Jokaisen tuloksen saaneiden osuus
Persentiili vastausten määrän mukaan
Tuloshistoriasi
Et ole pelannut tätä visaa